UEFA Champions League Finalisten - Statistiken

Allgemein
  • Dieses Quiz wurde 303 mal gespielt
  • Das Durchschnittsergebnis liegt bei 28 aus 42
Antwortstatistiken
Antwort % Korrekt
Bayern München
100%
Borussia Dortmund
99%
FC Barcelona
99%
Manchester City
99%
Real Madrid
99%
FC Chelsea
98%
FC Liverpool
98%
Manchester United
98%
Inter Mailand
97%
Paris Saint-Germain
97%
AC Mailand
95%
Juventus Turin
94%
Atletico Madrid
90%
Tottenham Hotspurs
89%
FC Porto
87%
Ajax Amsterdam
86%
Hamburger SV
85%
FC Arsenal
82%
Benfica Lissabon
78%
Nottingham Forrest
77%
Olympique Marseille
75%
Bayer Leverkusen
70%
FC Valencia
70%
PSV Eindhoven
69%
Roter Stern Belgrad
68%
Celtic Glasgow
66%
Aston Villa
64%
AS Monaco
56%
Feyenoord Rotterdam
56%
AS Rom
54%
Steaua Bukarest
44%
Eintracht Frankfurt
40%
Borussia Mönchengladbach
35%
Leeds United
23%
Club Brügge
20%
AC Florenz
17%
AS Saint-Etienne
15%
Sampdoria Genua
15%
Malmö FF
14%
Stade Reims
14%
Panathinaikos Athen
12%
Partizan Belgrad
12%
Keine übereinstimmenden Quizze gefunden
Verteilung der Resultate
Anzahl Personen mit jedem Resultat
Perzentil nach korrekt beantworteten Fragen
Ihre Resultats-Entwicklung
Sie haben dieses Quiz noch nicht gespielt